000 00294 a2200133 4500
000 nam a22 7a 4500
100 _aTondon
110 _aTondon
245 _aaircraft & auation basics for defence studies
250 _alatest edition
260 _c2026
264 _c2026
942 _cBK
999 _c395549
_d395549